Landmarks: City and Country by Picture - Statistics

General Stats
  • This quiz has been taken 45 times
  • The average score is 31 of 48
Answer Stats
Picture Answer % Correct
Eiffel Tower
100%
Egypt
98%
France
98%
Paris
98%
United States
98%
United States
98%
India
95%
Statue of Liberty
95%
New York
93%
Pyramids of Giza
93%
Taj Mahal
93%
Brazil
90%
Golden Gate Bridge
90%
Russia
90%
London
88%
Rio de Janeiro
88%
San Francisco
88%
United Kingdom
85%
Moscow
80%
Italy
76%
Giza
73%
Rome
73%
Canada
71%
Christ the Redeemer
71%
Tokyo
71%
Japan
68%
Toronto
63%
Tower Bridge
63%
Australia
61%
Belgium
56%
Sydney
56%
Brussels
54%
CN Tower
54%
St Basil's Cathedral
49%
Agra
44%
Cape Town
44%
South Africa
44%
Myanmar
41%
Budapest
39%
Hungary
39%
Table Mountain
37%
Sydney Harbour Bridge
34%
Atomium
32%
Shibuya Crossing
29%
Hungarian Parliament Building
24%
Theatre of Marcellus
2%
Ananda Temple
0%
Bagan
0%
No matching quizzes found
Score Distribution
Percent of People with Each Score
Percentile by Number Answered
Your Score History
You have not taken this quiz